LEADER 01551nam a2200241 u 4500 001 000000072590 003 CaOOAMICUS 005 20070226122246.0 008 020618s1870 fr u000 u fre u 035 $a10933896 040 $aPUL(R)$bita 100 1 $aDespatys, O.$0(OLS)http://pul/name/48021 245 10$aTraité théerique et pratique des casiers judiciaires en France et a l'étranger :$bsuivi du texte des circulaires ministeriale de la Chancellerie, de l'autorité militaire, maritime, de l'Administration de l'enregistrement et de tous les documents français et étrangers ayant paru jusqu'en 1870 sur l'institution /$cpar O. Despatys .. 260 $aParis :$bCosse, Marchal & Cie,$c1870. 300 $aviii, 397 p. ;$c23 cm 504 $aBibliografia in nota. 610 14$aFrancia.$kLeggi, statuti, ecc.$0(OLS)http://pul/subject/25543 710 1 $aFrancia.$kLeggi, statuti, ecc.$0(OLS)http://pul/name/48022 850 $aPUL 852 $aPUL$W1$xDP1 Antico 800$y27$m831 D 27$j93891$nBK-PRI$b $qStampati Antico$B93891$CPULBib$Z2$F93891 $H $81 941 1 $a15 996 $6245$aTraité théerique et pratique des casiers judiciaires en France et a l'étranger :$bsuivi du texte des circulaires ministeriale de la Chancellerie, de l'autorité militaire, maritime, de l'Administration de l'enregistrement et de tous les documents français et étrangers ayant paru jusqu'en 1870 sur l'institution$9(OLS)http://pul/title/95477 996 $6260$aParis :$bCosse, Marchal & Cie$9(OLS)http://pul/publisher/74021 LEADER 01258nam a2200265 a 4500 001 000000142447 003 CaOOAMICUS 005 20150324111742.0 008 150324s1979 it u000 u ita r 040 $aPUL$bita 245 03$aLa concezione della povertà nel Medioevo :$bantologia di scritti /$ca cura di Ovidio Capitani. 260 $aBologna :$bPàtron,$c1979. 300 $aVIII, 355 p. ;$c22 cm 490 1 $aMondo medievale.$aSezione di storia delle istituzioni, della spiritualità e delle idee ;$v01 504 $aInclude riferimenti bibliografici. 650 4$aPovertà$xStoria$yEvo medio.$0(OLS)http://pul/subject/19856 700 1 $aCapitani, Ovidio,$d1930-2012.$0(OLS)http://pul/name/1205 830 0$aMondo medievale.$pSezione di storia delle istituzioni, della spiritualità e delle idee ;$v01.$0(OLS)http://pul/title/1585 850 $aPUL 852 $aPUL$W1$xDP1 Fondo Capitani$y116$m10 E 28$j17876$qFondi$B164530$CPULBib$Z2$F164530 $HCap1238 $82 941 1 $a1 961 $aNota ms. di possesso: Capitani. 996 $6245$aLa concezione della povertà nel Medioevo :$bantologia di scritti$9(OLS)http://pul/title/7752 996 $6260$aBologna :$bPàtron$9(OLS)http://pul/publisher/48272